[Event "Sportsko leto 2013"]
[Site "Paracin, hotel "]
[Date "2013.07.05"]
[Round "1.33"]
[White "Tisma, Ivan"]
[Black "Burovic, Ismet"]
[Result "0-1"]
[WhiteElo "2096"]
[BlackElo "2361"]
[PlyCount "100"]
[EventDate "2013.07.05"]

1. Nf3 d6 2. d4 g6 3. g3 Bg7 4. Bg2 Nd7 5. O-O e5 6. c4 Ne7 7. Nc3 O-O 8. e4
exd4 9. Nxd4 Ne5 10. b3 a6 11. h3 Rb8 12. Bg5 f6 13. Be3 c5 14. Nde2 b5 15.
cxb5 axb5 16. f4 Nf7 17. Rc1 b4 18. Nd5 Bb7 19. Re1 Re8 20. Bf2 Nxd5 21. exd5
f5 22. Rc2 Qa5 23. g4 fxg4 24. hxg4 Qa8 25. Qd3 Nh6 26. Qf3 Rf8 27. Ng3 Rbe8
28. Rxe8 Qxe8 29. Ne2 Bc8 30. Bh3 Qd7 31. Ng3 Nxg4 32. Ne4 h5 33. Qd3 Qf5 34.
Bg3 g5 35. fxg5 Bd4+ 36. Kh1 Ba6 37. Rc4 Bxc4 38. bxc4 Kg7 39. Bxd6 Qxe4+ 40.
Qxe4 Nf2+ 41. Kg2 Nxe4 42. Bxf8+ Kxf8 43. Bf5 Nxg5 44. d6 Be5 45. d7 Ke7 46.
Kf2 Bf4 47. Kg2 h4 48. Kg1 h3 49. Kh1 h2 50. Kg2 Nf7 0-1

[Event "Sportsko leto 2013"]
[Site "Paracin, hotel "]
[Date "2013.07.05"]
[Round "1.34"]
[White "Brankovic, Dejan"]
[Black "Van Vliet, Dennis"]
[Result "1-0"]
[WhiteElo "2359"]
[BlackElo "2079"]
[PlyCount "105"]
[EventDate "2013.07.05"]

1. e4 e6 2. Qe2 c5 3. Nf3 Nc6 4. g3 Be7 5. Bg2 d5 6. d3 Nf6 7. e5 Nd7 8. h4 h6
9. h5 b5 10. O-O Ba6 11. Re1 Qc7 12. Nbd2 b4 13. Nb3 Rb8 14. Bf4 Bb5 15. Nbd2
Nb6 16. c4 bxc3 17. bxc3 c4 18. dxc4 Bxc4 19. Nxc4 Nxc4 20. Nd4 O-O 21. Qg4
Nxd4 22. cxd4 Kh8 23. Bf1 Nb2 24. Rec1 Qb6 25. Be3 Rbc8 26. Rab1 Rxc1 27. Bxc1
Ba3 28. Qf3 Qb4 29. Kg2 Rc8 30. Be3 Qe7 31. Rc1 Nc4 32. Rb1 Nxe3+ 33. Qxe3 Bb4
34. Ba6 Rc3 35. Qe2 Ra3 36. Bd3 a5 37. Rc1 Rc3 38. Rxc3 Bxc3 39. Bc2 f5 40.
exf6 gxf6 41. Qe3 Bb2 42. Qxh6+ Kg8 43. Qg6+ Kf8 44. Qh6+ Kg8 45. Qf4 e5 46.
Qg4+ Kh8 47. dxe5 fxe5 48. Qc8+ Kg7 49. Bb3 Qf7 50. Qd8 Bd4 51. f3 e4 52. Qg5+
Kh7 53. f4 1-0

[Event "Sportsko leto 2013"]
[Site "Paracin, hotel "]
[Date "2013.07.05"]
[Round "1.36"]
[White "Carnic, Srdjan"]
[Black "Tadic, Katarina"]
[Result "1-0"]
[WhiteElo "2341"]
[BlackElo "2069"]
[PlyCount "69"]
[EventDate "2013.07.05"]

1. e4 c5 2. Nf3 d6 3. d4 cxd4 4. Nxd4 Nf6 5. Nc3 a6 6. h3 e5 7. Nde2 h5 8. g3
Be6 9. Bg2 Nbd7 10. Bg5 Qc7 11. O-O b5 12. a4 b4 13. Nd5 Nxd5 14. exd5 Bf5 15.
Nd4 exd4 16. Re1+ Ne5 17. f4 Rc8 18. Kh1 f6 19. Bh4 Be7 20. Qxd4 g5 21. Bxg5
fxg5 22. fxe5 Rf8 23. exd6 Qxd6 24. Re3 Rxc2 25. Rae1 Rc7 26. a5 Kd8 27. Qb6
Rf6 28. Qb8+ Rc8 29. Qa7 Rc7 30. Qa8+ Bc8 31. Qb8 Rc1 32. Qxd6+ Bxd6 33. Rxc1
h4 34. gxh4 Bf4 35. Rf1 1-0

[Event "Sportsko leto 2013"]
[Site "Paracin, hotel "]
[Date "2013.07.05"]
[Round "1.37"]
[White "Radovic, Luka"]
[Black "Cerovic, Danilo"]
[Result "0-1"]
[WhiteElo "2065"]
[BlackElo "2340"]
[PlyCount "68"]
[EventDate "2013.07.05"]

1. c4 e5 2. Nc3 Nc6 3. g3 Nf6 4. Bg2 Bc5 5. e3 O-O 6. Nge2 d5 7. cxd5 Nb4 8. d4
exd4 9. exd4 Bb6 10. a3 Nbxd5 11. O-O c6 12. Qd3 Re8 13. Bg5 Qd6 14. Rad1 Bg4
15. Rfe1 h6 16. Bc1 Re7 17. f3 Bh5 18. Ne4 Qd7 19. Nf4 Nxe4 20. Nxh5 Nef6 21.
Nxf6+ Nxf6 22. Rxe7 Qxe7 23. Be3 Rd8 24. b4 a6 25. Bf2 Qd7 26. Qc4 Re8 27. Kf1
Nd5 28. Re1 Rxe1+ 29. Kxe1 Qf5 30. Kd2 Qb1 31. Qc1 Qa2+ 32. Ke1 Bxd4 33. Bxd4
Qxg2 34. Qd1 Qxh2 0-1

[Event "Sportsko leto 2013"]
[Site "Paracin, hotel "]
[Date "2013.07.05"]
[Round "1.38"]
[White "Irizanin, Radoje"]
[Black "Isak, Igor G"]
[Result "1/2-1/2"]
[WhiteElo "2333"]
[BlackElo "2053"]
[PlyCount "128"]
[EventDate "2013.07.05"]

1. d4 e6 2. Nf3 f5 3. Bf4 Nf6 4. e3 b6 5. Be2 Bb7 6. O-O Be7 7. c4 O-O 8. Nc3
d6 9. Ng5 Qd7 10. Bf3 c6 11. h4 h6 12. Nh3 d5 13. cxd5 exd5 14. h5 Qe8 15. Be5
Nbd7 16. Nf4 Bb4 17. Ng6 Rf7 18. Bf4 Ne4 19. Rc1 Rf6 20. Be2 Nf8 21. Nxe4 fxe4
22. Be5 Rf7 23. a3 Be7 24. Nxe7+ Qxe7 25. b4 Nd7 26. Bg3 b5 27. a4 a6 28. Qb3
Nb6 29. axb5 axb5 30. Ra1 Rff8 31. Qc3 Rfc8 32. Qc5 Qxc5 33. dxc5 Nc4 34. Bf4
Rxa1 35. Rxa1 Ra8 36. Rxa8+ Bxa8 37. f3 exf3 38. gxf3 Bb7 39. Kf2 Bc8 40. e4
dxe4 41. fxe4 Be6 42. Bf3 Kf7 43. Kg3 Bd7 44. Bc1 Ne5 45. Be2 Be6 46. Bb2 Nd7
47. Kf4 Nf6 48. Bf3 Ke7 49. Bxf6+ gxf6 50. e5 Bd7 51. Be4 Be8 52. Kf5 fxe5 53.
Kxe5 Bd7 54. Bf3 Be8 55. Bd1 Bd7 56. Be2 Be8 57. Bg4 Bf7 58. Bd1 Be8 59. Kf5
Kf7 60. Bf3 Bd7+ 61. Ke5 Ke7 62. Be4 Be8 63. Bg6 Bxg6 64. hxg6 h5 1/2-1/2

[Event "Sportsko leto 2013"]
[Site "Paracin, hotel "]
[Date "2013.07.05"]
[Round "1.39"]
[White "Rajkovic, Mladen"]
[Black "Pantelic, Sasa"]
[Result "1-0"]
[WhiteElo "2015"]
[BlackElo "2331"]
[PlyCount "105"]
[EventDate "2013.07.05"]

1. e4 c5 2. Nf3 d6 3. d4 cxd4 4. Nxd4 Nf6 5. Nc3 g6 6. Be3 Bg7 7. f3 O-O 8. Qd2
Nc6 9. O-O-O Be6 10. Nxe6 fxe6 11. g3 Nd7 12. f4 e5 13. Bc4+ Kh8 14. Nd5 Rc8
15. Kb1 Nd4 16. Bd3 e6 17. Nc3 a6 18. Bxd4 exd4 19. Ne2 Qb6 20. Ka1 Nc5 21. Nc1
e5 22. fxe5 dxe5 23. Nb3 Na4 24. Rhf1 Qd6 25. Qe2 b5 26. Rxf8+ Rxf8 27. Rf1 h5
28. h3 Bh6 29. Rf3 Kg7 30. Kb1 Qb4 31. a3 Qd6 32. Rxf8 Kxf8 33. Qf3+ Kg7 34. g4
h4 35. Qf2 Bg5 36. Nd2 Bf4 37. Nb3 Bg5 38. Qf1 Nb6 39. Nc1 Bxc1 40. Kxc1 b4 41.
axb4 Qxb4 42. g5 Qe7 43. Qg2 Qe6 44. Bxa6 Na4 45. Bd3 Qb6 46. b3 Nc5 47. Bc4
Qb7 48. Qf2 Qe7 49. Qxh4 Nd3+ 50. cxd3 Qa3+ 51. Kb1 Kf8 52. Qh8+ Ke7 53. Qxe5+
1-0

[Event "Sportsko leto 2013"]
[Site "Paracin, hotel "]
[Date "2013.07.05"]
[Round "1.40"]
[White "Ionescu, Doru-Alexandru"]
[Black "Stojkovska, Monika"]
[Result "1-0"]
[WhiteElo "2330"]
[BlackElo "2005"]
[PlyCount "95"]
[EventDate "2013.07.05"]

1. e4 c5 2. d3 Nc6 3. f4 g6 4. g3 d6 5. Bg2 Bg7 6. Nf3 b6 7. O-O Qd7 8. c3 Nh6
9. Na3 O-O 10. Nc2 f5 11. Ne3 e6 12. Ng5 fxe4 13. dxe4 Ba6 14. Rf2 Nf7 15. h4
h6 16. Nxf7 Rxf7 17. Qg4 Rf6 18. Nd5 Rf7 19. Bh3 Nd8 20. Qxg6 Bb7 21. Kh2 Bc8
22. Ne3 Rf6 23. Qh5 Qf7 24. Qd1 Qc7 25. Nd5 exd5 26. Qxd5+ Kh7 27. Qxa8 Bxh3
28. Kxh3 Qd7+ 29. Kh2 Nc6 30. e5 Rf8 31. e6 Qc7 32. Qxf8 Bxf8 33. Bd2 Qe7 34.
Re1 Qf6 35. Kh3 Ne7 36. f5 Kg7 37. g4 Nc6 38. g5 Qd8 39. f6+ Kh7 40. e7 Qd7+
41. Kg3 Bxe7 42. fxe7 Ne5 43. Rf7+ Kg6 44. Rf6+ Kg7 45. Rxd6 Qxe7 46. Bf4 hxg5
47. hxg5 Qc7 48. Bxe5+ 1-0

[Event "Sportsko leto 2013"]
[Site "Paracin, hotel "]
[Date "2013.07.05"]
[Round "1.41"]
[White "Marjanovics, Annamaria"]
[Black "Ratkovic, Milovan"]
[Result "0-1"]
[WhiteElo "2002"]
[BlackElo "2315"]
[PlyCount "70"]
[EventDate "2013.07.05"]

1. e4 c6 2. d4 d5 3. Nc3 a6 4. a4 dxe4 5. Nxe4 Bf5 6. Ng3 Bg6 7. h4 h6 8. Nf3
Nd7 9. h5 Bh7 10. Bd3 Bxd3 11. Qxd3 Ngf6 12. Bd2 e6 13. Ne4 Nxe4 14. Qxe4 Nf6
15. Qe2 Be7 16. c3 Qd5 17. c4 Qe4 18. Qxe4 Nxe4 19. Be3 Bf6 20. Ke2 Ke7 21. a5
Rhd8 22. Rhd1 c5 23. Ra3 cxd4 24. Bxd4 Bxd4 25. Nxd4 Rd7 26. Re3 f5 27. f3 Ng3+
28. Kf2 f4 29. Red3 Rad8 30. c5 e5 31. c6 Rxd4 32. Rxd4 exd4 33. cxb7 Rb8 34.
Rxd4 Nxh5 35. Rb4 Kd7 0-1

[Event "Sportsko leto 2013"]
[Site "Paracin, hotel "]
[Date "2013.07.05"]
[Round "1.42"]
[White "Dinic, Dragan"]
[Black "Bejatovic, Bojana"]
[Result "1-0"]
[WhiteElo "2311"]
[BlackElo "2002"]
[PlyCount "99"]
[EventDate "2013.07.05"]

1. e4 Nf6 2. e5 Nd5 3. d4 d6 4. Nf3 Bg4 5. c4 Nb6 6. d5 e6 7. h3 Bxf3 8. Qxf3
exd5 9. cxd5 dxe5 10. Nc3 N8d7 11. Bb5 a6 12. Bd3 Nf6 13. Bg5 Be7 14. O-O-O Qd6
15. Rhe1 O-O-O 16. Bc2 h6 17. Bh4 Qb4 18. Bg3 Nc4 19. Bb3 Na5 20. Bxe5 Nxb3+
21. axb3 Rhe8 22. Kc2 Nd7 23. Bxg7 Nc5 24. Qg4+ Qxg4 25. hxg4 Bg5 26. Bd4 Nd7
27. g3 Bf6 28. Rh1 Rh8 29. Rh5 Rdg8 30. f3 Rg5 31. Rh2 Rg6 32. Kd3 Ne5+ 33.
Bxe5 Bxe5 34. Ne4 Rd8 35. Kc2 Rb6 36. Rh5 Bg7 37. g5 hxg5 38. Rxg5 Rg6 39. Rf5
Rd7 40. g4 b6 41. Rh1 Kb7 42. Rh7 Re7 43. Kd3 Kc8 44. Ng5 f6 45. Ne6 Kd7 46.
Rxg7 Rgxg7 47. Nxg7 Rxg7 48. Rxf6 Re7 49. Rh6 Ke8 50. Re6 1-0

[Event "Sportsko leto 2013"]
[Site "Paracin, hotel "]
[Date "2013.07.05"]
[Round "1.43"]
[White "Todorovic, Radisa J"]
[Black "Sarenac, David"]
[Result "0-1"]
[WhiteElo "1960"]
[BlackElo "2311"]
[PlyCount "64"]
[EventDate "2013.07.05"]

1. d4 Nf6 2. Nf3 g6 3. c4 Bg7 4. Nc3 d5 5. e3 c5 6. dxc5 Qa5 7. Qa4+ Qxa4 8.
Nxa4 Ne4 9. cxd5 Bd7 10. Bd3 f5 11. Bc2 Na6 12. Nd4 Nb4 13. Bb3 Nd3+ 14. Ke2
Ndxc5 15. Nxc5 Nxc5 16. Bc4 Rc8 17. b3 Ne4 18. Bd2 b5 19. Bd3 Nxd2 20. Kxd2 Rc5
21. Rac1 Rxd5 22. Rc7 e5 23. Ne6 e4 24. Nf4 Rd6 25. Rxa7 g5 26. Kc2 O-O 27. Rd1
exd3+ 28. Rxd3 Rxd3 29. Nxd3 Bc6 30. Nc5 Bxg2 31. Kd3 Ra8 32. Rd7 Bf1+ 0-1

[Event "Sportsko leto 2013"]
[Site "Paracin, hotel "]
[Date "2013.07.05"]
[Round "1.44"]
[White "Mladenovic, Stefan"]
[Black "Kovacevic, Bozidar"]
[Result "1/2-1/2"]
[WhiteElo "2307"]
[BlackElo "1933"]
[PlyCount "66"]
[EventDate "2013.07.05"]

1. d4 Nf6 2. Nf3 d5 3. c4 g6 4. Nc3 Bg7 5. cxd5 Nxd5 6. e4 Nxc3 7. bxc3 c5 8.
Be3 cxd4 9. cxd4 Nc6 10. Qd2 O-O 11. Rc1 Bg4 12. d5 Bxf3 13. gxf3 Ne5 14. Be2
Qd7 15. f4 Ng4 16. Bd4 Bxd4 17. Qxd4 Rfc8 18. O-O Rxc1 19. Rxc1 Rc8 20. Rxc8+
Qxc8 21. Kg2 a6 22. h3 Nf6 23. e5 Ne8 24. Bf3 Qc7 25. Qb4 b5 26. a4 bxa4 27.
Qxa4 Qc8 28. Be2 Qa8 29. Qd7 Kf8 30. Bf3 Qb8 31. Be2 Qc7 32. Qa4 Qc5 33. Qd7
Qc7 1/2-1/2

[Event "Sportsko leto 2013"]
[Site "Paracin, hotel "]
[Date "2013.07.05"]
[Round "1.45"]
[White "Lazov, Toni"]
[Black "Dezelin, Milan"]
[Result "0-1"]
[WhiteElo "1921"]
[BlackElo "2294"]
[PlyCount "56"]
[EventDate "2013.07.05"]

1. e4 c5 2. Nf3 d6 3. d4 cxd4 4. Nxd4 Nf6 5. Nc3 g6 6. Be3 Bg7 7. f3 O-O 8. Qd2
Nc6 9. Bc4 Bd7 10. O-O-O Qb8 11. g4 Rc8 12. Bb3 a5 13. Ndb5 a4 14. Nxa4 Ne5 15.
Qe2 Nxf3 16. Qxf3 Bxb5 17. Nb6 Bc6 18. g5 Bxe4 19. Qf4 Rxc2+ 20. Bxc2 Qc7 21.
Rd2 Rxa2 22. Kd1 Bxh1 23. gxf6 Bxf6 24. Bb3 Ra1+ 25. Ke2 Qc1 26. Qf2 Qc6 27.
Rc2 Bf3+ 28. Kd2 Rd1# 0-1